000 00956cam a2200277 a 4500
001 3092
005 20240205141208.0
020 _a9780307119452
040 _aDLC
_cDLC
_dDLC
_beng
050 0 0 _aPZ7.M462
_b1986
082 0 0 _a303
100 1 _aMayer, Mercer
_d1943-
245 1 0 _aJust me and my babysitter /
_cby Mercer Mayer.
260 _aNew York :
_bGolden Book ;
_aRacine, Wis. :
_bWestern Pub. Co.,
_c1986
300 _a23 unnumbered pages :
_bcolor illustrations ;
_c21 cm.
490 0 _aA Golden look-look book
490 1 _aA Little Critter book
500 _a"A Paperwing Press book."
505 _aJ
520 _aLittle Critter does his enthusiastic best to help his babysitter, although his efforts frequently make a bad situation worse.
521 _a480
_bLexile
521 _aJ
_bRaz-Plus
650 1 _aBabysitters and babysitting
_vFiction.
906 _a7
_bcbc
_corignew
_d2
_eocip
_f19
_gy-gencatlg
942 _2ddc
_cBK
_n0
999 _c3092
_d3092